<?xml version="1.0" encoding="UTF-8"?>
<record
    xmlns:xsi="http://www.w3.org/2001/XMLSchema-instance"
    xsi:schemaLocation="http://www.loc.gov/MARC21/slim http://www.loc.gov/standards/marcxml/schema/MARC21slim.xsd"
    xmlns="http://www.loc.gov/MARC21/slim">

  <leader>00451nam a22001337a 4500</leader>
  <controlfield tag="003">OSt</controlfield>
  <controlfield tag="005">20240401114524.0</controlfield>
  <controlfield tag="008">240401b        |||||||| |||| 00| 0 eng d</controlfield>
  <datafield tag="040" ind1=" " ind2=" ">
    <subfield code="c">Central Library MRSPTU</subfield>
  </datafield>
  <datafield tag="100" ind1=" " ind2=" ">
    <subfield code="a">Sarjeet Talwar (&#xA38;&#xA30;&#xA1C;&#xA40;&#xA24; &#xA24;&#xA32;&#xA35;&#xA3E;&#xA30;)</subfield>
  </datafield>
  <datafield tag="245" ind1=" " ind2=" ">
    <subfield code="a">Main Rabb nu kyu Nahi Manda ?( &#xA2E;&#xA48; &#xA30;&#xA71;&#xA2C; &#xA28;&#xA42;&#xA70; &#xA15;&#xA3F;&#xA09;&#xA02; &#xA28;&#xA39;&#xA40;&#xA02; &#xA2E;&#xA70;&#xA28;&#xA26;&#xA3E;)</subfield>
  </datafield>
  <datafield tag="260" ind1=" " ind2=" ">
    <subfield code="a">Barnala</subfield>
    <subfield code="b">Tarkbharti Parkashan</subfield>
    <subfield code="c">2007</subfield>
  </datafield>
  <datafield tag="942" ind1=" " ind2=" ">
    <subfield code="2">ddc</subfield>
    <subfield code="c">BK</subfield>
    <subfield code="n">0</subfield>
  </datafield>
  <datafield tag="952" ind1=" " ind2=" ">
    <subfield code="0">0</subfield>
    <subfield code="1">0</subfield>
    <subfield code="2">ddc</subfield>
    <subfield code="4">0</subfield>
    <subfield code="7">0</subfield>
    <subfield code="8">BK</subfield>
    <subfield code="a">MCL</subfield>
    <subfield code="b">MCL</subfield>
    <subfield code="d">2024-04-01</subfield>
    <subfield code="l">4</subfield>
    <subfield code="p">G-87</subfield>
    <subfield code="r">2026-02-09 14:45:45</subfield>
    <subfield code="s">2026-01-12</subfield>
    <subfield code="w">2024-04-01</subfield>
    <subfield code="y">BK</subfield>
  </datafield>
  <datafield tag="999" ind1=" " ind2=" ">
    <subfield code="c">9925</subfield>
    <subfield code="d">9925</subfield>
  </datafield>
</record>
